Wars Involving Chad - Statistics

General Stats
  • This quiz has been taken 7 times
  • The average score is 5 of 9
Answer Stats
Year Allies Enemies Result Answer % Correct
1986-1987 France LibyaPalestine Victory Toyota War
100%
2009-Present NigeriaCameroon Niger Benin Boko HaramIslamic State Ansaru Ongoing Boko Haram Insurgency
67%
2004-2007 Central African RepublicUN Mission Various Central African Rebels Ceasefire Central African Republic Bush War
67%
2012-Present Central African RepublicMICOPAX France South Africa Rwanda Russia European Union Force Various Central African RebelsLord's Resistance Army South Sudan Ongoing Central African Republic Civil War
67%
1965-1979 France Various Chadian RebelsLibya Defeat Chadian Civil War
67%
2012-2021 Mali France Germany Nigeria Various Malian Militias Various Malian RebelsVarious Islamic Extremists Withdrawal Mali War
67%
1983 None Nigeria Defeat Chadian-Nigerian War
33%
2016-Present FranceJEM Various Chadian Rebels Ongoing Insurgency in Northern Chad
33%
2013-Present Mali Al-QaedaMUJAO Ongoing Chadian Intervention in Northern Mali
0%
No matching quizzes found
Score Distribution
Percent of People with Each Score
Percentile by Number Answered
Your Score History
You have not taken this quiz